National Security in a Globalised World: The Relevance of Smart Power and Diplomacy/ (Record no. 207935)

MARC details
000 -LEADER
fixed length control field 00639nam a22001937a 4500
005 - DATE AND TIME OF LATEST TRANSACTION
control field 20241224124144.0
010 ## - LCCN (DPL NO)
LC control number ENG-142339
020 ## - INTERNATIONAL STANDARD BOOK NUMBER
Terms of availability 475.00
International Standard Book Number 9789393734983
035 ## - SYSTEM CONTROL NUMBER
System control number EN-125871
037 ## - SOURCE OF ACQUISITION
Source of stock number/acquisition Exceller Books
037 ## - SOURCE OF ACQUISITION
Source of stock number/acquisition DBAD
082 ## - DEWEY DECIMAL CLASSIFICATION NUMBER
Classification number 364.1680954
100 ## - MAIN ENTRY--PERSONAL NAME
Personal name Ukaegbu, Anthony C.
245 ## - TITLE STATEMENT
Title National Security in a Globalised World: The Relevance of Smart Power and Diplomacy/
Statement of responsibility, etc by Anthony C. Ukaegbu
260 ## - PUBLICATION, DISTRIBUTION, ETC. (IMPRINT)
Place of publication, distribution, etc Kolkata
Name of publisher, distributor, etc Exceller Books
Date of publication, distribution, etc 2024
270 ## - ADDRESS
Address G1 Dream Apartment, Degree College Road
City Belgharia,Kolkata
300 ## - PHYSICAL DESCRIPTION
Extent 223p.
Dimensions 21cm(pb)
942 ## - ADDED ENTRY ELEMENTS (KOHA)
Source of classification or shelving scheme Dewey Decimal Classification
Item type English Books
Call number suffix UKA
Classification part 338.927
Holdings
Withdrawn status Lost status Not for loan Collection code Home library Current library Date acquired Source of acquisition Cost, normal purchase price Full call number Barcode Copy number Cost, replacement price Koha item type
      Non-fiction Central Library Central Library 24/12/2024 Delivery of Books Division 475.00 UKA 338.927 EN-125871 1 475.00 English Books

© Delhi Public Library
Hit Counter
free hit counter